Baby Names with 'P' Quiz Stats

Quiz not verified by Sporcle

Challenge
Share
Tweet
Embed
Score 0/70 Timer 07:00
0 Plays Today
M/F Answer % Correct
MPaul
96.9%
MPeter
86.1%
FPatricia
85.7%
MPhilip
84.9%
MPhillip
84.2%
MPatrick
83.4%
FPenelope
81.5%
FPaula
78%
FPeyton
74.9%
MPeyton
74.9%
FPayton
74.5%
MPayton
74.5%
FPenny
73%
MParker
67.2%
FParker
67.2%
FSophia
66%
FSophie
63.3%
FPaige
63.3%
FStephanie
62.9%
MStephen
62.5%
FPhoebe
60.2%
FPiper
58.3%
MPreston
57.5%
FPaisley
56.4%
FPaulina
56%
FDaphne
54.8%
MJoseph
54.1%
MChristopher
52.5%
FPriscilla
52.5%
MPrince
48.6%
FJosephine
48.3%
FPresley
47.5%
MPedro
47.1%
FHarper
46.7%
MHarper
46.7%
M/F Answer % Correct
FPrincess
42.1%
MRaphael
41.7%
MPablo
39.8%
MCooper
37.5%
FApril
35.9%
MPorter
35.5%
FPearl
32.8%
FParis
32.4%
MKristopher
31.3%
MJasper
30.9%
FHope
29.3%
MPaxton
29%
MPhoenix
26.3%
FPhoenix
26.3%
FPaola
26.3%
MSpencer
25.5%
MEphraim
23.9%
FPaislee
22.8%
MCristopher
20.8%
MFelipe
20.5%
FJuniper
19.3%
MPierce
16.6%
FAspen
15.4%
FPaloma
15.4%
FGuadalupe
14.3%
FPatience
13.9%
MTripp
12.7%
MPrinceton
10.4%
FPaityn
10%
MPierre
9.7%
FPerla
7.7%
MApollo
5%
FTemperance
4.2%
FCampbell
3.9%
MMemphis
1.9%

You're not logged in!

Compare scores with friends on all Sporcle quizzes.
Join for Free
OR
Log In

You Might Also Like...

Show Comments

Extras

Top Quizzes Today


Score Distribution

Your Account Isn't Verified!

In order to create a playlist on Sporcle, you need to verify the email address you used during registration. Go to your Sporcle Settings to finish the process.

Report this User

Report this user for behavior that violates our Community Guidelines.

Details: